| 000 | 01139nam a2200289 a 4500 | ||
|---|---|---|---|
| 001 | 000023025 | ||
| 005 | 20200930021935.0 | ||
| 008 | 101124s1982 sp r 000 0 spa d | ||
| 020 | _a8425313392 | ||
| 040 |
_aDO-SdBNP _bspa _cBNPHU |
||
| 041 | 1 | 7 |
_aspa _heng _2Código de idiomas MARC |
| 082 |
_a616.8583 _bK17t, 1982 |
||
| 100 | 1 |
_aKaplan, Helen Singer, _947368 |
|
| 240 | 1 | 0 |
_aDisorders of sexual desire. _lEspañol. |
| 245 | 1 | 0 |
_aTrastornos del deseo sexual : _bnuevas ideas y técnicas en el campo de la terapia sexual / _cHelen S. Kaplan ; traducido por Marta I. Guastavino. |
| 250 | _a3a ed. | ||
| 260 |
_aBarcelona : _bGrijalbo, _c1982. |
||
| 300 |
_a298 p. ; _c19 cm. |
||
| 490 | 1 | _aRelaciones humanas y sexología | |
| 504 | _aIncluye referencias bibliográficas y notas al pie de las páginas. | ||
| 534 |
_pTítulo original en inglés: _tDisorders of sexual desire. _cNueva York : Simon and Schuster, 1979 |
||
| 650 | 4 |
_aTrastornos sexuales _934998 |
|
| 650 | 4 |
_aTrastornos sexuales _yTERAPIA _947369 |
|
| 700 | 1 |
_aGuastavino, Marta I., _etr. _947370 |
|
| 830 | 0 |
_aRelaciones humanas y sexología _947371 |
|
| 049 | _aBNGR | ||
| 999 |
_c22522 _d22522 |
||